ŞİRİN KENDİMİ DURDURAMIYORUM 3 HIRSIZLAR BİZDEN KAÇAMAZ (Record no. 641965)

MARC details
000 -LEADER
sabit uzunluktaki kontrol alanı 00289nam a2200097Ia 4500
001 - KONTROL NUMARASI
kontrol alanı 641965
005 - EN SON İŞLEMİN TARİH VE ZAMANI
kontrol alanı 20250826153517.0
008 - SABİT-UZUNLUKTA VERİ ÖĞELERİ--GENEL BİLGİ
sabit uzunluktaki kontrol alanı 250824s9999 xx 000 0 und d
245 #0 - ESER / YAZAR
ESER ADI ŞİRİN KENDİMİ DURDURAMIYORUM 3 HIRSIZLAR BİZDEN KAÇAMAZ
Yazar Adı BİRSEN EKİM ÖZEN
260 ## - YAYIN, DAĞITIM, VB.
YAYIN EVİ TİMAŞ ÇOCUK
Holdings
Düşüm durumu Kayıp durumu Hasar Durumu Ödünç verilmez Ana kütüphane Geçerli Kütüphane Edinilen tarih Toplam ödünç verme sayısı Barkod Son görüntüleme tarihi Son ödünç verme tarihi Fiyatın geçerli olmaya başladığı tarih Koha materyal türü
        ABİDİN SANİYE ERÇAL İLKOKULU ABİDİN SANİYE ERÇAL İLKOKULU 24.08.2025 3 10012227 19.02.2026 17.02.2026 26.08.2025 Books